Baby and Child Care in India / (Record no. 74733)

MARC details
000 -LEADER
fixed length control field 00738nam a22002057a 4500
005 - DATE AND TIME OF LATEST TRANSACTION
control field 20130527151418.0
010 ## - LCCN (DPL NO)
LC control number B-497089-099
020 ## - INTERNATIONAL STANDARD BOOK NUMBER
International Standard Book Number 9780857205254
Terms of availability 525.00
035 ## - SYSTEM CONTROL NUMBER
System control number B-497089-099
037 ## - SOURCE OF ACQUISITION
Source of stock number/acquisition UBH/Ven
082 ## - DEWEY DECIMAL CLASSIFICATION NUMBER
Classification number 649.1
100 ## - MAIN ENTRY--PERSONAL NAME
Personal name Spock, Benjamin
245 ## - TITLE STATEMENT
Title Baby and Child Care in India /
Statement of responsibility, etc by Benjamin Spock, Abdulla Ghori and Robert Needlman
260 ## - PUBLICATION, DISTRIBUTION, ETC. (IMPRINT)
Place of publication, distribution, etc Noida
Name of publisher, distributor, etc Simon and Schuster Publishers India
Date of publication, distribution, etc c2011
270 ## - ADDRESS
Address 2316, Tower-A The Corenthum, A-41 ,Sector-62,
City Noida
Postal code 201301
300 ## - PHYSICAL DESCRIPTION
Extent xx, 842p.
Other physical details ill.
Dimensions 19cm(pbk)
500 ## - GENERAL NOTE
General note It Include index
942 ## - ADDED ENTRY ELEMENTS (KOHA)
Source of classification or shelving scheme Dewey Decimal Classification
Item type English Books
Call number suffix SPO
Classification part 649.1
Holdings
Withdrawn status Lost status Not for loan Collection code Home library Current library Date acquired Source of acquisition Cost, normal purchase price Full call number Barcode Copy number Cost, replacement price Koha item type
      Non-fiction Central Library Central Library 27/05/2013 UBH/272/11.03.2013/180/08.03.2013/15.03.2013 525.00 649.1 SPO B-497089 1 525.00 English Books
      Non-fiction Janak Puri Janak Puri 27/05/2013 UBH/272/11.03.2013/180/08.03.2013/15.03.2013 525.00 649.1 SPO B-497094 1 525.00 English Books
      Non-fiction Karol Bagh Karol Bagh 27/05/2013 UBH/272/11.03.2013/180/08.03.2013/15.03.2013 525.00 649.1 SPO B-497097 1 525.00 English Books
      Non-fiction Kasturba Gandhi Marg Kasturba Gandhi Marg 27/05/2013 UBH/272/11.03.2013/180/08.03.2013/15.03.2013 525.00 649.1 SPO B-497091 1 525.00 English Books
      Non-fiction Narela Narela 27/05/2013 UBH/272/11.03.2013/180/08.03.2013/15.03.2013 525.00 649.1 SPO B-497098 1 525.00 English Books
      Non-fiction Patel Nagar Patel Nagar 27/05/2013 UBH/272/11.03.2013/180/08.03.2013/15.03.2013 525.00 649.1 SPO B-497090 1 525.00 English Books
      Non-fiction Peshwa Road Peshwa Road 27/05/2013 UBH/272/11.03.2013/180/08.03.2013/15.03.2013 525.00 649.1 SPO B-497092 1 525.00 English Books
      Non-fiction Sarojini Nagar Sarojini Nagar 27/05/2013 UBH/272/11.03.2013/180/08.03.2013/15.03.2013 525.00 649.1 SPO B-497095 1 525.00 English Books
      Non-fiction Shahdara Branch Shahdara Branch 27/05/2013 UBH/272/11.03.2013/180/08.03.2013/15.03.2013 525.00 649.1 SPO B-497099 1 525.00 English Books
      Non-fiction Tri Nagar Tri Nagar 27/05/2013 UBH/272/11.03.2013/180/08.03.2013/15.03.2013 525.00 649.1 SPO B-497093 1 525.00 English Books
      Non-fiction Vinoba Puri Vinoba Puri 27/05/2013 UBH/272/11.03.2013/180/08.03.2013/15.03.2013 525.00 649.1 SPO B-497096 1 525.00 English Books

© Delhi Public Library
Hit Counter
free hit counter